000 00330nam a2200145Ia 4500
008 150201s2004 xx 000 0 und d
082 _a617.69
_bM2004V
100 _aVERMA,MANAV
245 _aMCQS IN PEDODONTICS
250 _a1ST
260 _bAITBS
_aDELHI
_c2004
300 _a1-130
650 _aPEDODONTICS
942 _2ddc
_cBK
999 _c2914
_d2914